000 00609nam a2200229Ia 4500
003 OSt
005 20220918213637.0
006 a|||||r|||| 00| 0
007 ta
008 220917b |||||||| |||| 00| 0 eng d
024 _a133,695
037 _cTextual
040 _aARTS
_cARTS
_beng
041 _2eng
_aeng
082 _aX6550Z, J6
100 _aRubin Seymour F
_9127873
245 0 _aPrivate froeign investment
_b Legal and economic realities
260 _aNA
_bNA
_c1956
650 _aECONOMICS
942 _hX6550Z, J6
_cTEXL
_2CC
999 _c256803
_d256803